| 000 | 00669cam a22002172 4500 | ||
|---|---|---|---|
| 001 | 0000021314 | ||
| 005 | 20151217152229.0 | ||
| 008 | 120314s xx 000 0 eng d | ||
| 020 | _a8131703212 : | ||
| 040 |
_aKABU _cKABU |
||
| 100 | 1 |
_aShook, Fred. _@0000182127 |
|
| 245 | 1 | 0 |
_aTelevision field production and reporting / _cFred Shook. |
| 250 | _a4th ed. | ||
| 260 |
_aNew Delhi : _bPearson, _c2005. |
||
| 300 | _axxiii, 376 p. | ||
| 650 | 0 |
_aTelevision broadcasting of news. _@0000070901 |
|
| 650 | 0 |
_aTelevision _xProduction and direction. _@0000182128 |
|
| 852 | 1 | _9p14,000 KES | |
| 908 | _a120314 | ||
| 950 | _@1 | ||
| 999 |
_c9632 _d9632 |
||